000 00313nam a22001337a 4500
008 180730b xxu||||| |||| 00| 0 eng d
082 _a813.52
245 _aComprehensive Medical Assisting
_cKronenberger,J
260 _c2009
300 _a1
_fCD
440 _x9780781770606
760 _b3rd
942 _2ddc
_cMX
999 _c46675
_d46675